00592 a2200181 45000010006000000050017000060080041000230030015000640400040000790800052001192450025001712500012001962640045002083000019002535050115002720410008003871000015003955423220260407155813.0260407a1968 arg spa dAR-UNSa-BCEJYS aAR-UNSa-BCEJYSbspacAR-UNSa-BCEJYS a330.85xDoctrina económica marxista-leninista10aTeoría económica a2a. ed. 1aBarcelona :bEdiciones Penínsulac1968 a306 p.c20 cm. a1. Las bases ideológicas - 2. El análisis económico Marxista - 3. La naturaleza de la sociedad comunista aspa1 aMarx, Karl